| 000 | 00856cam a2200253 4500 | ||
|---|---|---|---|
| 001 | M86468 | ||
| 008 | 090401t1997 xxu||||| |||| 00| 0 eng d | ||
| 035 | _a(Sirsi) u80884 | ||
| 041 | _aeng | ||
| 050 | _a333.332 | ||
| 110 |
_aRoyal Institution of Chartered Surveyors _94900 |
||
| 245 | _aValuation of contaminated land : consultation on additional draft material being considered for incorporation into Guidance Note 2 of the RICS Appraisal and Valuation Manual. | ||
| 260 |
_aLondon _bRICS _c1997 |
||
| 300 | _a(4)p. ; 30cm. | ||
| 350 | _a0 | ||
| 520 | _aFor final version see Guidance note 2 of the Red Book. | ||
| 650 | _aAPPRAISAL AND VALUATION MANUAL | ||
| 650 | _aCONTAMINATED LAND | ||
| 650 | _aDRAFT GUIDANCE | ||
| 650 | _aRICS APPRAISAL AND VALUATION MANUAL | ||
| 690 | _aRATING AND VALUATION | ||
| 942 | _n0 | ||
| 948 | _c15/09/1997 | ||
| 999 |
_c96651 _d96651 |
||